[Event "Aerosvit 2007"]
[Site "Foros RUS"]
[Date "2007.06.28"]
[Round "10"]
[White "GM Dominguez Perez, Lenier(CUB)"]
[Black "GM Eljanov, Pavel(UKR)"]
[Result "1/2-1/2"]
[WhiteElo "2678"]
[BlackElo "2686"]
[Annotator "Êðîéòîð Ìèõàèë"]
[PlyCount "122"]
[EventDate "2007.06.28"]

1. e4 e5 2. Nf3 Nc6 3. Bb5 Nf6 4. O-O Nxe4 5. d4 Nd6 6. Bxc6 dxc6 7. dxe5 Nf5
8. Qxd8+ Kxd8 9. Nc3 Bd7 10. h3 h6 11. b3 Kc8 12. Bb2 b6 13. Rad1 Ne7 14. Nd4 (
14. Rd2 c5 15. Rfd1 Be6 16. Ne2 g5 17. c4 Kb7 18. Nc3 Ng6 19. Nd5 {
1/2 Volokitin,A (2654)-Eljanov,P (2686)/Dresden GER 2007/The Week in Chess 649}
) (14. Rd2 c5 15. Rfd1 Bc6 {- Rybka's variant}) 14... a5 15. e6 (15. Rfe1 Nf5
16. e6 fxe6 17. Nxe6 {- ëàäüè ãîòîâû ê áîþ!}) 15... fxe6 16. Rfe1 Nd5 17. Nxe6
Bb4 18. Nxd5 cxd5 (18... Bxe1 $2 19. Ne7+ Kb7 20. Rxd7 $18) 19. Re3 Re8 20. Nf4
Rxe3 21. fxe3 Bc5 22. Kf2 g6 23. Nxd5 {Èòàê, ó áåëûõ ëèøíÿÿ ïåøêà, ó ÷¸ðíûõ -
äâà ñëîíà. Íî âîò ëàäüÿ Ýëüÿíîâà ñòîèò íåâàæíî...} Bc6 (23... Bf5) 24. a4 Kb7
25. c4 Re8 26. Bd4 Bd6 27. Ke2 Re6 28. Rf1 ({
Â òàêèõ ñëó÷àÿõ íàäî çàõâàòûâàòü ïðîñòðàíñòâî:} 28. Kf3 g5 29. e4) 28... Be8
29. Nf6 Bc6 30. Nd5 Be8 {Íåóæåëè áåëûå ïîéäóò íà ïîâòîðåíèå õîäîâ? Íåò!} 31.
Rf6 Rxf6 32. Nxf6 Bf7 33. Kd3 c6 34. e4 Be7 35. Nd7 (35. e5 Be6 36. g4 h5 37.
Ke4 hxg4 38. hxg4 Bb4 39. Kd3 $16) 35... Kc7 $2 {
Çà÷åì áûëî íàäî îòäàâàòü åùå îäíó ïåøêó?!} 36. Nxb6 g5 37. Kc2 $6 {
Êîðîëü ëåãêî âîçâðàùàåòñÿ íàçàä - ýòî ïðîñòî ïîòåðÿ âðåìåíè.} Bg6 38. Kd3 Bf7
39. c5 (39. g4 Bb4 40. c5 Bxb3 41. Be5+ Kd8 42. Kd4 Be1 43. Bg7 Bf2+ 44. Kc3
Bd1 45. Bxh6 Bxc5 46. Bxg5+ Ke8 47. Nc4 {Ïåøêè íà êîðîëåâñêîì ôëàíãå ïðîéäóò.})
39... Bxb3 40. Be5+ Kb7 41. Nc4 Bd8 42. Bd6 (42. Nb2 $16) 42... Kc8 43. Nb6+
Bxb6 44. cxb6 {Îïÿòü âñ¸ ñâîäèòñÿ ê ðàçíîöâåòó...} Kb7 45. Bc5 Bxa4 46. Kc3 Bd1
47. e5 g4 48. e6 gxh3 49. gxh3 Be2 50. Kd4 Bf3 51. h4 Be2 52. Ke5 a4 53. Kf6 ({
Êîíñòðóêòèâíåé} 53. Kd6 Bh5 54. Ke7 a3 55. Bxa3 Kxb6 56. Kd8 c5 57. e7 Kb5 58.
e8=Q+ Bxe8 59. Kxe8 $18) 53... a3 54. Kg6 $2 {
Èç âûèãðûøíîé ïîçèöèè áåëûå óõèòðÿþòñÿ âûòÿíóòü... íè÷üþ.} ({
Êàê óêàçàë Â. Ëåáåäåâ, ïåøêó h íàäî áûëî îñòàâèòü «íà ïîòîì»:} 54. Bxa3 Kxb6
55. e7 ({èëè æå} 55. Kg6 $5 c5 56. e7 Bb5 57. Kf7 c4 $18) 55... Bh5 56. Kg7 Kc7
57. Kxh6 Be8 58. h5 Kd7 59. Kg5 Ke6 60. h6 Kf7 61. Kf5 c5 62. Bxc5) 54... a2
55. Bd4 c5 56. Bc3 Kxb6 57. e7 Bb5 58. Kxh6 Be8 (58... Kc7 59. Kg7 Be8 60. Kf6
Kd7) 59. Kg5 Kc6 60. h5 Bxh5 61. Kxh5 Kd7 1/2-1/2

[Event "Aerosvit 2007"]
[Site "Foros RUS"]
[Date "2007.06.28"]
[Round "10"]
[White "GM Karjakin, Sergey(UKR)"]
[Black "GM Onischuk, Alexander(USA)"]
[Result "1/2-1/2"]
[WhiteElo "2686"]
[BlackElo "2663"]
[Annotator "Ëåáåäåâ Âàñèëèé"]
[PlyCount "75"]
[EventDate "2007.06.28"]

1. e4 e5 2. Nf3 Nc6 3. Bb5 a6 4. Ba4 Nf6 5. O-O Be7 6. Re1 b5 7. Bb3 O-O {È...}
8. h3 {Ý-ýõ! Íå ïîëó÷èëîñü ;). Âñ¸ æå ÿ ñ÷èòàþ, ÷òî òóðíèð âûãëÿäèò
«íåïîëíîöåííûì» â ãëàçàõ áîëüøîé òåîðèè, åñëè íà í¸ì íå èãðàåòñÿ õîòÿ áû
îäíà âñåì èçâåñòíàÿ êîíòðàòàêà. Ñî ìíîé ñîãëàñíû äàæå òîï-èãðîêè! Âîò è â
ïåðâîì òóðå Äîðòìóíäà Àíàíä â ïàðòèè ñ Ëåêî äîïóñòèë ïðèìåíåíèå èçîáðåòåíèÿ
äåäóøêè Ìàðøàëëà ..} Bb7 9. d3 d6 10. a3 Qd7 11. Nc3 Rfe8 12. a4 $146 ({
Ïîõîæå,  ÷òî ìàëî ÷òî äà¸ò áåëûì ëèíèÿ} 12. Ne2 Nd8 13. Ng3 Ne6 14. Ng5 d5 $1
$11 15. Nf5 Bf8 16. Qf3 Nc5 17. Bxd5 Nxd5 18. exd5 Bxd5 19. Ne4 Qe6 20. Bd2 Nd7
21. Ne3 Bb7 22. c4 Rab8 23. b4 g6 24. Qe2 c5 25. Rac1 Rec8 26. Ng5 Qe7 27. Ne4
Qe6 28. Ng5 Qe7 29. Ne4 {
(1/2 Shirov,A (2699) - Svidler,P (2736)/Foros UKR 2007).}) ({
Íè÷åãî íå ïîëó÷èëîñü ó íèõ è ïîñëå} 12. Nd5 Nxd5 13. exd5 Nd4 14. Nxd4 exd4 15. a4
Bf6 16. axb5 axb5 17. Rxa8 Bxa8 18. Bd2 Bb7 19. Re4 Rxe4 20. dxe4 c5 21. dxc6
Bxc6 22. Qf3 Be5 23. g4 h6 24. Kg2 Qb7 25. Bd5 Bxd5 26. exd5 g5 27. b3 Kg7 28.
Qe4 Qc8 29. Kf3 f6 30. Qf5 Qb7 31. Qe4 Qc8 32. Qf5 Qb7 33. Qe4 Qc8 {(1/2 Svidle
r,P (2743) - Kamsky,G (2671)/Sofia 2006). Êîíå÷íî, â áðîñêå ïåøêè íà à4 â
«èñïàíêå» íåò íè÷åãî íåîáû÷íîãî, íî âñ¸ æå 12. à4 ïîñëå 10. à3 âûãëÿäèò,
ñîãëàñèòåñü, êàê-òî íå î÷åíü ëîãè÷íûì... Õîòÿ... Ãì-ì...}) 12... b4 13. Ne2 (
13. Nd5 $5) 13... d5 $1 $11 14. exd5 Nxd5 15. Ng3 Bf8 (15... f6 $5 {
êàæåòñÿ áåçîïàñíûì òîëüêî ìàøèíêàì.}) 16. a5 {À âîò ê ýòîìó õîäó â ëîãè÷íîñòè
íå îòêàæåøü ; ) Êîíå÷íî, ïåøêó-«îòîðâó» b4 ëèøèòü ïîääåðæêè íåîáõîäèìî.} Nd4
$5 17. Nxd4 {Æåðòâà!} ({Ðåêîìåíäîâàòü ïðèíÿòèå äàðà ñëîæíî -} 17. Nxe5 Qd6 $1
18. Nc4 (18. f4 $2 Nxb3 19. cxb3 Nxf4 $1 20. Bxf4 Qd4+ {è ò.ä.}) ({èëè} 18. Ng4
$6 Rxe1+ $1 19. Qxe1 Nxb3 20. cxb3 Qc6 $36 21. Qf1 (21. Be3 $143 Nf4 $1 22. Qf1
Nxg2 23. Rc1 Qf3) 21... Re8 22. d4 Qc2 $36) 18... Qg6 19. Ba4 (19. Rxe8 $143
Rxe8 20. Ba4 Re6 {, è ëàäüÿ ÷¸ðíûõ ïðîñêàëüçûâàåò â èãðó}) 19... Rxe1+ 20.
Qxe1 b3 $1 $13) 17... exd4 18. Rxe8 Rxe8 19. Bd2 (19. Ba4 Bc6) 19... Nf6 20.
Bg5 Qc6 $6 ({Õèòðåå âûãëÿäèò} 20... Qd6 $1 {
Òèïà «ìíîãîïëàíîâûé õîä».  Íàïðèìåð, îäíà èäåÿ çäåñü òàêàÿ -} 21. Qd2 (21.
Bxf6 Qxf6 22. Qg4 Bd6 $36) 21... h6 22. Bxf6 (22. Bf4 Qc5 23. Re1 $140 $2 g5)
22... Qxf6 23. Re1 $140 $2 (23. Bc4 Re5 $36) 23... Qg5 $1 24. Qd1 Rxe1+ 25.
Qxe1 Bc6 {, è ìîæíî ãîòîâèòüñÿ êóøàòü ïåøêó íà à5.} (25... Qxa5 $4 26. Qe8 $18)
{, ÷òî âåñüìà âåðîÿòíî, âåäü õîä} 26. Qa1 {
ìîæíî ñäåëàòü, òîëüêî ñêðåïÿ ñåðäöå...}) 21. Qf1 Nd7 22. Ba4 Qd6 23. Ne4 {
Çà òðè õîäà ïîñëå «÷¸ðíîé» íåòî÷íîñòè íà 20-ì õîäó áåëûå ðàñêðóòèëèñü.}
Bxe4 24. dxe4 Re6 ({Îáìåí «íå ãëÿäÿ»} 24... Rxe4 25. Bxd7 $1 Qxd7 26. Qxa6 {
ÿâíî íå ê âûãîäåí ÷¸ðíûì.}) 25. Bd2 Nc5 $1 {Îòäàâàÿ ïåøêó, ÷òîáû óëèçíóòü â
«ðàçíîöâåò». «Ïðàâèëüíîå ðåøåíèå», - ïîäóìàë îáîçðåâàòåëü. «À òî ÿ íå
çíàþ», - ïîäóìàë Àëåêñíäð Îíèùóê. ;)} ({Îïÿòü ïëîõî} 25... Rxe4 26. Bxd7 Qxd7
27. Qxa6 {è ò.ä.}) 26. Bxb4 {Âûíóæäåííîå ðåøåíèå.} (26. f3 $2 Nxa4 27. Rxa4 Qc6
$1) 26... Qe5 27. Bxc5 ({È ñíîâà ïëîõî} 27. f3 $6 {
è, áûòü ìîæåò, ñîâñåì íå ïî ïðè÷èíå} Nxe4 $5 28. Re1 $1 (28. Bxf8 $143 Ng3 29.
Qd3 Kxf8 30. Qxh7 Qe3+ 31. Kh2 Qf4) 28... Bxb4 29. Rxe4 {
È òåïåðü ìîæíî íåìíîãî «ïîôîðñèòü» -} Qxa5 (29... Qd6 $5) 30. Bb3 Rxe4 31.
fxe4 Qh5 32. Qxa6 Qd1+ 33. Qf1 Qxf1+ 34. Kxf1 $11) ({Åù¸ êðåàòèâíåå (ïîñëå} 27.
f3 $6 {)} Bd6 $1 28. Bxc5 Qh2+ 29. Kf2 Bxc5 30. Qd3 $140 (30. Rd1 d3+ 31. Ke1
Rg6 $40) 30... Be7 $1 31. Qxd4 Rg6 32. Rg1 Bh4+ 33. Ke2 Rxg2+ 34. Rxg2 Qxg2+
35. Kd3 Qf1+ 36. Kc3 Bf6 37. e5 Qxf3+ 38. Kc4 Be7 {
, è ó ÷¸ðíûõ íèêàê «íå õóæå»}) 27... Bxc5 28. Bb3 Rf6 29. Qd3 ({
Ðàçóìååòñÿ, íå «íàä¸æíîå»} 29. f3 $4 d3+ 30. Kh1 Bd6 31. Qg1 Qg3 $1 32. Ba4
$1 ({íàäî çàùèùàòü...ïåøêó h3 -} 32. Rf1 Rh6 {
- è ñäåëàòü ýòî ìîæíî òîëüêî òàêèì îáðàçîì.}) 32... c6 $1 33. Bxc6 (33. cxd3
Rh6) 33... Bf4 34. Ba4 Rh6 35. Bd7 dxc2 $19) 29... h5 30. g3 g5 31. Rf1 h4 32.
Bc4 Bd6 33. Bxa6 Qxa5 34. Bc4 ({Èíòåðåñíåå áûëî} 34. Kg2 $5 Qe5 $140 35. Ra1 $1
{è, ïî êðàéíåé ìåðå, ìîæíî áûëî åù¸ ÷óòîê ïîçèöèþ ñâîèõ ôèãóð} Kg7 36. Bc8
Rh6 37. Bf5 {è ò.ä.}) 34... Qe5 $11 35. Kg2 hxg3 36. fxg3 Rxf1 37. Kxf1 Qxg3
38. Qxg3 1/2-1/2

[Event "Aerosvit 2007"]
[Site "Foros RUS"]
[Date "2007.06.28"]
[Round "10"]
[White "GM Nisipeanu, Liviu-Dieter(ROM)"]
[Black "GM Sasikiran, Krishnan(IND)"]
[Result "1/2-1/2"]
[WhiteElo "2693"]
[BlackElo "2690"]
[Annotator "Ëåáåäåâ Âàñèëèé"]
[PlyCount "65"]
[EventDate "2007.06.28"]

1. e4 c6 2. d4 d5 3. Nc3 dxe4 4. Nxe4 Nd7 5. Ng5 Ngf6 6. Bd3 e6 7. N1f3 Bd6 8.
Qe2 h6 9. Ne4 Nxe4 10. Qxe4 Qc7 11. O-O b6 12. Qg4 {Îõ è óïðÿìûå æå ðåáÿòà ýòè
ãðîññìåéñòåðû! Íå ëþáÿò îíè ìåíÿòü ñâîèõ äåáþòíûõ ïðèñòðàñòèé! Óæ, êàçàëîñü
áû, ïîñëå ìàò÷à Ëåêî - Áàðååâ, ýòîò âàðèàíò ïîðà ñäàâàòü â óòèëü, îäíàêî...}
Kf8 13. Qh4 (13. Re1 c5 14. c3 Bb7 15. Qh3 Rd8 16. Be4 Bxe4 17. Rxe4 Nf6 18.
Re1 g6 19. b3 Kg7 20. dxc5 Bxc5 21. Bb2 Rd5 22. c4 Rh5 23. Qg3 Bd6 24. Ne5 Rd8
25. h3 Rf5 26. Re2 Bc5 27. Rf1 Kh7 28. Qh2 g5 ({Ý-ýõ!} 28... Ne4 $3 {
- íå ñûïü ìíå ñîëü íà ðàíó...}) 29. Ng4 Bd6 30. g3 Nh5 31. Ne3 Bxg3 32. fxg3
Rxf1+ 33. Nxf1 Rd1 34. Re3 {
1-0 Leko,P (2738)-Bareev,E (2643)/Elista RUS 2007/The Week in Chess 657}) 13...
Bb7 ({Âî âòîðîì òóðå Êðèøíàí ïðîèãðàë ïîñëå} 13... c5 {, íî ãëóáîêîì ýíäøïèëå,
ê òîìó æå ïîñëå ãðóáåéøåé îøèáêè. Íî è èç äåáþòà îí âûøåë ñ äîâîëüíî
íåïðèÿòíîé ïîçèöèåé...} 14. Be4 Rb8 15. Rd1 Ba6 16. dxc5 bxc5 17. b3 f5 18. Bd3
Bxd3 19. Rxd3 Ne5 20. Nxe5 Bxe5 21. Rb1 Kf7 22. Be3 c4 23. Rdd1 cxb3 24. cxb3
Rhd8 25. Rdc1 Qa5 26. Qh5+ Kg8 27. Qe2 Rd5 28. g3 Rbd8 29. Rc6 R8d6 30. Rbc1
Kh7 31. R1c5 Rxc6 32. Rxc6 Qd8 33. Qc4 Qd7 34. b4 Bd4 35. Bxd4 Rxd4 36. Qxe6
Qxe6 37. Rxe6 Rxb4 38. Ra6 f4 39. gxf4 Rxf4 40. Rxa7 Kg6 41. Ra3 Rc4 42. h3 Rc2
43. Rg3+ Kf5 44. Rxg7 Rxa2 45. Kg2 Ra3 46. f3 Kf6 47. Rg8 Ra1 48. h4 Kf7 49.
Rd8 Kg6 50. Rd5 Rb1 51. Kg3 Rg1+ 52. Kf4 Rh1 53. Rd6+ Kh5 54. Kf5 Ra1 55. f4
Ra5+ 56. Ke4 Ra1 57. f5 Re1+ 58. Kf4 Rf1+ 59. Ke5 Re1+ 60. Kf6 Kxh4 61. Kg6 Rf1
62. f6 h5 63. f7 Rxf7 64. Kxf7 Kg3 65. Kg6 h4 66. Kg5 h3 67. Rd3+ Kg2 68. Kg4
h2 69. Rd2+ {(1-0 Jakovenko,D (2708) - Sasikiran,K (2690)/Foros UKR 2007).})
14. Re1 c5 (14... Kg8 15. Qh3 Re8 16. c4 Nf6 17. Bd2 c5 18. d5 e5 19. Bc3 g6
20. Qh4 Kg7 21. Nd2 Qd8 22. Bc2 Bc8 23. Ba4 g5 24. Qg3 Nh5 25. Qf3 g4 26. Qd1
Re7 27. h3 Nf6 28. hxg4 Bxg4 29. f3 Bc8 30. Re3 Nh5 31. Qe1 f6 32. Qh4 Nf4 33.
Ne4 Rf7 34. g3 Ng6 35. Qh5 Bb8 36. Bc2 f5 37. f4 Re8 38. Nf2 Rf6 39. Rae1 e4
40. Bxe4 fxe4 41. Nxe4 {(1-0 Leko,P (2738) - Bareev,E (2643)/Elista RUS 2007).}
) 15. Be4 Bxe4 16. Qxe4 Rd8 17. dxc5 Nxc5 18. Qh4 ({
«Ïåðåïèñî÷íèêè» ïðîâåðÿëè çäåñü äðóãîå îòñòóïëåíèå -} 18. Qc4 a6 19. a4 Kg8
20. Be3 Kh7 21. c3 Qb7 22. Bd4 Rhe8 23. b4 Nd7 24. Rad1 Bb8 25. b5 axb5 26.
Qd3+ Kg8 27. Qxb5 Qc8 28. Rb1 Bd6 29. h3 Bc5 30. Rbd1 Qc7 31. Rd2 Bxd4 32. Rxd4
Nf6 33. Rc4 Qb8 34. Rb4 Qa8 35. Ne5 Nd5 36. Rc4 Rd6 37. Qb3 Red8 38. Rd4 Nf6
39. Rxd6 Rxd6 40. Nc4 Rc6 41. Nxb6 Qa5 42. Nc4 Qc7 43. Ne3 Rxc3 44. Qb4 Rc5 45.
Ra1 Ra5 46. Nc4 Rf5 47. Rb1 Kh7 48. Nd6 Rd5 49. Ne4 Nxe4 50. Qxe4+ g6 51. g3
Qa7 52. Rb5 Rd2 53. Qf3 Rd7 54. a5 Kg7 55. Kg2 Rc7 56. Qe4 Kh7 57. h4 Qa6 58.
Qf4 Qc6+ 59. Kh2 Qc4 60. Qxc4 Rxc4 61. Rb7 Kg7 62. a6 Ra4 63. a7 g5 64. hxg5
hxg5 65. g4 Kg6 66. Kg3 {
(1/2 De Silva,D (2177) - Vaassen,J (2036)/IECG 2001/MegaCorr4).}) 18... Kg8 (
18... Be7 $5 19. Bg5 $140 $6 (19. Qc4 $142 $5) 19... Bxg5 20. Nxg5 Qe7 21. Rad1
Ke8 $1) 19. b3 {Ïðèãëàøàÿ ñîïåðíèêà íà âàðèàíò...} Be7 ({
Áûòü ìîæåò, çàñëóæèâàëî âíèìàíèÿ} 19... Kh7 $5 {
ñ ïðîñòîé èäååé âûâåñòè ëàäüþ èç óãëà.} 20. Bb2 Rd7 21. Ng5+ (21. Rad1 Rhd8
$11 {, íå òàê ëè?}) 21... Kg8 22. Nf3 Kh7 {
, è çäåñü âïîëíå ìîæåò ïîñëåäîâàòü ñîãëàøåíèå íà íè÷üþ.}) 20. Qc4 {È ïîñëå}
Bf6 21. Bf4 $1 Qb7 22. Be5 {ó áåëûõ êàê-òî ÷óòü ïîïðèÿòíåå ïîçèöèÿ.} Nd7 (
22... Bxe5 23. Nxe5 {ñî ñëåäóþùèìè èäåÿìè:} Kh7 24. b4 $1 Na6 {
è óæå ìîæíî âûèãðàòü ïåøå÷êó -} 25. Nxf7 (25. a3 Rd2) 25... Qxf7 26. Qxa6 Rd2
27. Re2 Rhd8 28. Rf1 {è ò.ä.}) 23. Bxf6 ({Âèäèìî, ïåðñïåêòèâíåå} 23. Rad1 $5
Rc8 $140 24. Qd3 Nxe5 25. Nxe5 Qc7 ({ïîñëå} 25... Bxe5 26. Rxe5 Qc7 27. Re2 {
ïîëîæåíèå áûëî áû ïî÷òè ðàâíûì, ñòîé ÷¸ðíàÿ ëàäüÿ, ñêàæåì, íà f8}) 26. Nc4 g6
27. Nd6 Rd8 28. c4 Kg7 29. b4 $36 {è âíåçàïíî ìîæåò ðàçðàçèòüñÿ áóðÿ! Òî åñòü:}
Rhf8 30. Qg3 e5 $6 (30... Kh7 $142 31. Ne8 $1 Qxg3 $140 (31... Qe7 $5) 32.
Nxf6+ Kg7 33. Nh5+ gxh5 34. hxg3 Rxd1 35. Rxd1 Rc8 36. Rc1 {
- äîëæíî áûòü, òóò íè÷üÿ.}) 31. f4 $1 Rxd6 32. fxe5 Rxd1 33. exf6+ Kg8 (33...
Kxf6 $143 34. Qc3+ $1 Kg5 35. Rxd1 {
- òàêèå ïðîãóëêè ñêàæóòñÿ îòðèöàòåëüíî íà çäîðîâüå ÷¸ðíîãî êîðîëÿ!}) 34. Qxc7
$1 (34. Rxd1 $143 Qxc4 35. Qe3 Qe6 $1) 34... Rxe1+ 35. Kf2 Rfe8 36. h4 $1 {
, è áåëûé êîðîëü óõîäèò îò âå÷íîãî øàõà, è íà ôåðçåâîì ôëàíãå ó íèõ ìîæåò
ïîÿâèòüñÿ îïàñíàÿ ïðîõîäíàÿ.}) 23... Nxf6 24. Rad1 Kh7 25. Ne5 Rhf8 {
Ó áåëûõ - âèçóàëüíî ïîëó÷øå, íî íè÷åãî êîíêðåòíîãî ñîçäàòü èì íå óäàëîñü.}
26. h3 Kg8 {Íî âîò, íàêîíåö-òî íîðìàëüíàÿ ïîçèöèÿ ðîêèðîâêè ïîëó÷èëàñü!} 27.
Qe2 Nd5 28. Qf3 Qc7 29. c4 Nb4 30. Qe2 a5 31. a3 Nc6 32. Nxc6 Qxc6 33. Qe3 $6 {
Îáà íà!} ({Ãì-ì... À íå «íàèãðàëè» ëè òóò áåëûå äî «=/+»? Òî áèøü} 33. Qe3
a4 $1 34. bxa4 Ra8 $1 ({èëè} 34... Rxd1 35. Rxd1 {è òåïåðü íå} Qxc4 $6 ({à} 
35... Qxa4 36. Rd4 Rc8 {è ò.ä.}) 36. Qxb6 Qxa4 37. Rd3 Rc8 $140 38. Rd8+ Rxd8
39. Qxd8+ Kh7 40. Qd3+ g6 41. Qc3 {- ñ îòäàë¸ííîé ïðîõîäíîé øóòêè ïëîõè!}) 35.
Rd4 Rxa4 {- è áåëûå ïåøêè ôåðçåâîãî ôëàíãà ñëàáû è âçûâàþò î ïîìîùè...}) (33.
a4 $142 $1) 1/2-1/2

[Event "Aerosvit 2007"]
[Site "Foros RUS"]
[Date "2007.06.28"]
[Round "10"]
[White "GM Shirov, Alexei(ESP)"]
[Black "GM Ivanchuk, Vassily(UKR)"]
[Result "0-1"]
[WhiteElo "2699"]
[BlackElo "2729"]
[Annotator "Ëåáåäåâ Âàñèëèé"]
[PlyCount "68"]
[EventDate "2007.06.28"]

1. e4 e5 2. Nf3 Nc6 3. Bb5 a6 4. Ba4 Nf6 5. O-O b5 6. Bb3 Be7 7. d4 {Ýòîò õîä â
ñðàæåíèÿõ íà «Ïëàíåòå» âåä¸ò ê î÷åíü ïå÷àëüíûì äëÿ ìåíÿ ïîñëåäñòâèÿì.
Î÷åíü óäà÷íûé ïîâîä óïàñòü «íà  äåáþòíûé õâîñò» ãåíèàëüíîìó ò¸çêå. ;)} d6
({Äëÿ òàêèõ êàê ÿ ñîîáùàþ: ïëîõî:} 7... exd4 $6 8. e5 Ne4 9. Bd5 Nc5 10. Nxd4
$16) 8. c3 O-O 9. Re1 ({Áîëåå ïîïóëÿðíûì ÿâëÿåòñÿ çäåñü} 9. h3) 9... Bg4 10.
Be3 ({Êàê âåðíûé ÷èãîðèíåö ìèìî ñëåäóþùåé ïàðòèè ÿ ïðîéòè íå ñìîã:} 10. Bd5
Qd7 11. Nbd2 exd4 12. Bxc6 Qxc6 13. Nxd4 Qd7 14. f3 Be6 15. Nf1 c5 16. Nc2 Rfd8
17. Bg5 d5 18. e5 Ne8 19. Qd2 Ra7 20. Rad1 Bxg5 21. Qxg5 Qe7 22. Qh5 Rad7 23.
f4 d4 24. Ng3 Bxa2 25. cxd4 cxd4 26. Nf5 Qc5 27. e6 d3+ 28. Nce3 Rc7 29. Qh4 f6
30. Qg4 Bxe6 31. Nh6+ Kf8 32. Qxe6 gxh6 33. Kf1 Re7 34. Qh3 d2 35. Re2 Rd3 36.
Qxh6+ Kg8 37. Ng4 Rxe2 38. Kxe2 Qd4 39. h3 Rg3 40. Qh5 {
(0-1 Rosen,L-Chigorin,M/Paris 1900/).}) 10... exd4 11. cxd4 d5 ({
À âîò ïðèìåð ñîâðåìåíííîé òðàêòîâêè ýòîãî âàðèàíòà} 11... Na5 12. Bc2 c5 13. h3
Bh5 14. g4 Bg6 15. Nbd2 Nd7 16. d5 Bf6 17. Rb1 Re8 18. Nh2 Nc4 19. Nxc4 bxc4
20. Bc1 Bd4 21. Nf3 Ne5 22. Nxe5 Rxe5 23. Bf4 Qf6 {
(1/2 Socko,B (2641) - Adams,M (2734)/Lugo ESP 2007).}) 12. e5 Ne4 13. Nc3 Nxc3
14. bxc3 Qd7 {Âñ¸ ýòî òåîðèÿ...} 15. h3 Bh5 ({
Îòñòóïàòü ñëîíîì ïî-äðóãîìó - áûòü áèòîìó, íàïðèìåð, òàê} 15... Bf5 16. Bg5
Bxg5 17. Nxg5 Na5 18. g4 Nxb3 $6 19. axb3 Bg6 20. f4 $36 Qe7 21. b4 f6 22. exf6
Qxf6 23. Ne6 Be4 24. f5 Rfe8 25. Qd2 h5 26. Nxc7 hxg4 27. Nxa8 Qh4 28. Re3 Rxa8
29. Qe1 Qh5 30. Rxe4 dxe4 31. Qxe4 Re8 32. hxg4 Qf7 33. Qf3 Qc4 34. Rf1 Qc7 35.
Kg2 Qc4 36. g5 a5 37. f6 gxf6 38. gxf6 Kf8 39. Qg4 Re2+ 40. Kg1 Qg8 41. Qxg8+
Kxg8 42. bxa5 Ra2 43. Rf5 Rxa5 44. Kf2 Ra3 45. Rc5 Kf7 46. Rc6 Rb3 47. Ke2 b4
48. c4 Rh3 49. Kd2 b3 50. Rb6 Kg6 51. c5 b2 52. Kc2 Rh2+ 53. Kc3 {
(1-0 Naiditsch,A (2574) - Karjakin,S (2591)/Dortmund 2004).}) 16. g4 {
«Àìáèöèîçíûé õîä» (Ãîëóáåâ).} ({Âûãîäû è èäåè áîëåå ðàñïðîñòðàí¸ííîãî} 16.
Bc2 {áûëè ïðîäåìîíñòðèðîâàíû â ñëåäóþùåé, âåñüìà çàòÿæíîé, ïàðòèè -} Kh8 17.
Qb1 Bxf3 18. Bf5 Qd8 19. gxf3 g6 20. Bd3 f6 21. f4 fxe5 22. fxe5 Bg5 23. Qd1
Bxe3 24. fxe3 Qh4 25. Qg4 Qf2+ 26. Kh1 Ne7 27. Re2 Qf7 28. Rg2 Qf3 29. Re1 c5
30. Kh2 Qxg4 31. hxg4 Rf3 32. Rd2 Raf8 33. Kg2 Kg7 34. Bc2 R3f7 35. dxc5 Rc8
36. Bb3 a5 37. e4 a4 38. Bxd5 Rf4 39. Rf1 Rxf1 40. Kxf1 Rxc5 41. Rd3 g5 42. e6
Kf6 43. Ke1 Ng6 44. Rh3 Rc7 45. Kd2 Nf4 46. Rh1 Ng6 47. Rf1+ Nf4 48. Rh1 Ng6
49. a3 Ke5 50. Rf1 Nf4 51. Rb1 Nxd5 52. exd5 Kxd5 53. Rxb5+ Kxe6 54. Rxg5 Rc4
55. Kd3 Rf4 56. Ke3 Rc4 57. Kd3 Rf4 58. Rg7 h6 59. Rg6+ Kd5 60. Rxh6 Rxg4 61.
c4+ Kc5 62. Rh5+ Kc6 63. Kc3 Rg1 64. Rh6+ Kc5 65. Rh5+ Kc6 66. Kb4 Rg4 67. Rh6+
Kc7 68. Kb5 Rg1 69. Rh7+ Kc8 70. c5 Rg6 71. Kxa4 Ra6+ 72. Kb4 Kb8 73. a4 Rf6
74. Kb5 Rg6 75. a5 Rf6 76. a6 Rf1 77. Rh8+ Ka7 78. Rh7+ Kb8 79. c6 Rb1+ 80. Kc5
Rc1+ 81. Kd6 Rd1+ 82. Ke6 Re1+ 83. Kd7 Rd1+ 84. Ke8 Kc8 85. Rd7 Re1+ 86. Re7
Rh1 87. a7 Ra1 88. Kf7 Rf1+ 89. Kg6 Rg1+ 90. Kf5 Rf1+ 91. Kg4 Rg1+ 92. Kf3 Rf1+
93. Kg2 Ra1 94. a8=Q+ Rxa8 95. Re8+ {
(1-0 Inarkiev,E (2602) - Skembris,S (2445)/Athens 2005).}) 16... Bg6 17. Nd2 a5
$146 ({Ïîñëå ñëåäóþùåé ïðèìåðíîé ïàðòèè} 17... Na5 {
êàæåòñÿ íå âïîëíå ñåðü¸çíûì} 18. f4 Nxb3 19. axb3 $1 f5 20. exf6 Bxf6 21. f5
Bf7 22. Nf3 Rfe8 23. Bf4 Re4 24. Ne5 Bxe5 25. Rxe4 dxe4 26. dxe5 Qxd1+ 27. Rxd1
Bxb3 28. Rd7 a5 29. e6 a4 30. Be5 a3 31. Rxg7+ Kf8 32. Rxh7 Ra5 33. Bf6 {
(1-0 Jenni,F (2521) - Klauser,M (2388)/Zurich SUI 2006).}) {Ãëàâíîå äîñòîèíñòâî
õîäà 17... à5 çàêëþ÷àåòñÿ, íà ìîé âçãëÿä, â òîì, ÷òî òåïåðü åñòü ðåøåíèå
ïðîáëåìû ïèíàåìîãî â õâîñò è ãðèâó áåëîïîëüíîãî ñëîíà ÷¸ðíûõ.} 18. f4 a4 19.
Bc2 (19. f5 $143 Bxf5 $1 (19... axb3 20. fxg6 bxa2 21. gxh7+ Kh8) 20. Bxd5 Qxd5
21. gxf5 f6 $1) 19... Bxc2 20. Qxc2 f5 $1 {Êîíå÷íî æå, íåîáõîäèìûé õîä.} 21.
exf6 ({Ïîñëå íåñóñâåòíîãî} 21. g5 {
ó áåëûõ «íåîæèäàííî» ïîÿâëÿåòñÿ ëèøíÿÿ áîëüøàÿ è âåñüìà òóïàÿ ïåøêà. Íà å3...
}) 21... Bxf6 22. Nf3 (22. Rab1 $5) 22... Rae8 23. Bf2 $6 {
Íà÷èíàÿ ñ ýòîãî ìîìåíòà áåëûå íà÷èíàþò äåéñòâîâàòü íåäîñòàòî÷íî òî÷íî.} (
23. Kg2 $1 h5 $140 24. g5 $36) (23. Ne5 $5 {(Ãîëóáåâ).}) 23... h5 $1 {Ïåðåõâàò!
} 24. Qg6 (24. gxh5 Qxh3) ({
Êàê ãîâîðÿò î÷åâèäöû, òóò Àëåêñåé î÷åíü äîëãî äóìàë. Ñ÷èòàë âàðèàíòû ïîñëå} 
24. f5 hxg4 25. hxg4 g6 $1 {
Ó ìåíÿ ïîëó÷èëîñü ñëåäóþùåå, åñëè âêðàòöå - òî ðàâåíñòâî.} 26. g5 $1 Bg7 27.
f6 Qg4+ 28. Kf1 $1 Qxf3 29. Qxg6 Qh1+ 30. Bg1 Rxe1+ 31. Rxe1 Qh3+ 32. Ke2 $1 ({
ñëàáåå} 32. Kf2 Qh7 $1 33. Qxh7+ Kxh7 34. Rb1 (34. Re6 $143 Nd8 35. Re7 Rf7 36.
Rxf7 Nxf7 37. fxg7 {è êîíü, ðàçóìååòñÿ, ÿâëÿåòñÿ òóò äîìèíàíòíîé ëè÷íîñòüþ})
34... Na7 35. Kg3 Bxf6 36. gxf6 Rxf6 $15) 32... Qg4+ 33. Kd3 Rxf6 $1 34. Qe8+
Rf8 35. Qxc6 Qg3+ 36. Kd2 Qg2+ 37. Kd3 Qxg5 38. Be3 Qg2 $13) 24... Re4 25. Rxe4
dxe4 26. Nh2 $2 {Ðåøàþùàÿ îøèáêà, âûâîäÿùàÿ Èâàí÷óêà â ëèäåðû è, íàâåðíîå, -
ïîáåäèòåëè òóðíèðà.} ({Îñòàâëåííàÿ, â «íàêàçàíèå» íà íî÷ü âêëþ÷¸ííîé
Rybka óêàçûâàåò íà ïðèìåðíîå ðàâåíñòâî ïîñëå} 26. Ng5 $1 Bxg5 27. Qxg5 hxg4 28.
hxg4 ({íî íå} 28. Qxg4 $2 Qxg4+ 29. hxg4 Rxf4) 28... Rf6 $1 (28... b4 $143 29.
d5 $1 bxc3 $140 30. dxc6 Qd2 31. Be1 Qe3+ 32. Bf2 Qd2) 29. f5 (29. Qxb5 $4
Qxg4+) 29... Ne7 {è ò.ä.}) 26... Nxd4 $3 {
Áëåñòÿùå! Âïîëíå äîñòîéíî âåðîÿòíîãî ïîáåäèòåëÿ!} 27. cxd4 ({Íå äîëæíî ñïàñòè} 
27. Re1 Nf3+ {, è íå ñïàñàåò:} 28. Nxf3 exf3 29. Qxh5 Bxc3 30. Re3 (30. Re4 Qc6
) 30... Bd2 31. Rxf3 Bxf4 32. Qc5 $140 ({èëè} 32. Qg6 Qd5 33. Qd3 Qxa2 34. Qxb5
Bh2+ $1 35. Kg2 Rxf3 36. Kxf3 Qb3+ {è ò.ä.}) 32... Qd1+ 33. Kg2 Qxf3+ $1 34.
Kxf3 Bd6+) 27... Bxd4 28. Rb1 (28. Rd1 Bxf2+) (28. Rc1 Bxf2+ 29. Kxf2 Qd2+)
28... e3 $1 29. Bg3 ({Èëè} 29. Be1 Rxf4 30. Qg5 e2+ 31. Kg2 Qc6+ 32. Kg3 Qe4 $1
{è ñóïåðöåíòðàëèçàöèÿ ÷¸ðíûõ ôèãóð äîêîíàåò ñîïåðíèêà ñîâñåì ñêîðî.}) 29... h4
$1 {Èçÿùíûé ïåøå÷íûé óêîë ïîä çàíàâåñ.} 30. Bxh4 Rxf4 31. Qd3 (31. Bg3 e2+ 32.
Kg2 Qd5+) 31... Qd5 32. Nf1 ({«Ïîïûòêà» ïîñîïðîòèâëÿòüñÿ ïóò¸ì} 32. Rb4 {
êàðàåòñÿ î÷åíü æåñòîêî - ñúåäåíèåì «íàãëîé» ëàäüè -} Rf2 $1 {
(îäèí èç âîçìîæíûõ ïóòåé)} (32... c5) (32... e2+) 33. Bxf2 exf2+ 34. Kf1 Qh1+
35. Ke2 Qe1+ 36. Kf3 Qxb4 {
, êàê ãîâîðèòñÿ, «ñ äîñòàòî÷íûì äëÿ ïîáåäû ïåðåâåñîì».}) 32... Rf2 $1 33.
Nxe3 (33. Bxf2 exf2+ 34. Kh2 Be5+) 33... Rg2+ $1 34. Kh1 Qf3 $1 ({
Äëÿ ñîâñåì óæ ýñòåòîâ óêàæó è} 34... Rh2+ $1 35. Kxh2 Be5+ 36. Bg3 Qxd3 $1) 0-1